000 00876nmc a2200301 a 4500
003 AR-BaBNM
005 20251128204339.0
008 177019s1991 ||||||||||||||000 | spa||
020 _a950-12-7707-0
040 _cAR-BaBNM
100 1 _aHalperin Donghi, Tulio
245 1 0 _aArgentina
_bla democracia de masas
260 _aBuenos Aires
_bPaidós
_c1991
300 _a173 p.
_bil., láms.
490 0 _aHistoria argentina
_vv. 7
500 _aIndíces analíticos p. 165-173
504 _aBibliografía para consultar p. 163-164
600 0 4 _aPerón
_d1946-1951
650 4 _aREVOLUCION DE 1943
650 4 _a17 DE OCTUBRE DE 1945
650 4 _aREVOLUCION DE SETIEMBRE DE 1955
650 4 _aHISTORIA POLITICA
650 4 _aHISTORIA DE LAS IDEAS
650 4 _aHISTORIA SOCIAL
800 1 _aHalperin Donghi, Tulio
_edirector
942 _cBK
998 _cmariana
999 _c7106
_d7106